[Event "GER-chT U12 Girls"]
[Site "Magdeburg"]
[Date "2023.12.28"]
[Round "3.3"]
[White "Berger, Jennifer"]
[Black "Mauhs, Helena"]
[Result "1-0"]
[WhiteElo "1210"]
[BlackElo "1194"]
[PlyCount "55"]
[EventDate "2023.12.26"]
[EventType "team-swiss"]
[EventRounds "7"]
[EventCountry "GER"]
[SourceTitle "CB03_2024"]
[SourceDate "2024.01.17"]
[SourceVersion "1"]
[SourceVersionDate "2024.01.17"]
[SourceQuality "1"]
[WhiteTeam "Garching"]
[BlackTeam "Bayern Muenchen"]
[WhiteTeamCountry "GER"]
[BlackTeamCountry "GER"]

1. e4 e5 2. Nf3 Nc6 3. d4 exd4 4. Nxd4 Qh4 5. Nb5 Qd8 6. N1c3 Bc5 7. Nd5 Bb6 8. Bd3 d6 9. 0-0 Nge7 10. Re1 0-0 11. Qh5 h6 12. Bxh6 Ng6 13. Bg5 Qd7 14. h3 Nce5 15. Nbc3 Bd4 16. Bb5 c6 17. Ba4 b5 18. Nxb5 cxb5 19. Bb3 a5 20. a3 Qa7 21. Rf1 b4 22. axb4 Ba6 23. Rxa5 Qb7 24. Rd1 Nc6 25. Nf6+ Bxf6 26. Bxf6 Nxa5 27. Qxg6 Nxb3 28. Qxg7# 1-0

[Event "GER-ch U10 Girls"]
[Site "Willingen"]
[Date "2023.05.30"]
[Round "5"]
[White "Klymenko, Mariia1111"]
[Black "Berger, Jennifer"]
[Result "0-1"]
[WhiteElo "1039"]
[BlackElo "1137"]
[PlyCount "26"]
[EventDate "2023.05.27"]
[EventType "swiss"]
[EventRounds "11"]
[EventCountry "GER"]
[SourceTitle "CBM 214 Extra"]
[Source "ChessBase"]
[SourceDate "2023.07.31"]
[SourceVersion "1"]
[SourceVersionDate "2023.07.31"]
[SourceQuality "1"]

1. e4 e5 2. f4 Nc6 3. Bc4 Nf6 4. Nc3 Bc5 5. Bb3 Nd4 6. fxe5 Ng8 7. Nf3 d6 8. Ng5 Qxg5 9. Ba4+ c6 10. 0-0 Ne2+ 11. Kh1 Ng3+ 12. hxg3 Qh6+ 13. Qh5 Qxh5# 0-1

[Event "GER-ch U10 Girls"]
[Site "Willingen"]
[Date "2023.05.29"]
[Round "4"]
[White "Berger, Jennifer"]
[Black "Bohatyrova, Mariia"]
[Result "0-1"]
[WhiteElo "1137"]
[BlackElo "1357"]
[PlyCount "128"]
[EventDate "2023.05.27"]
[EventType "swiss"]
[EventRounds "11"]
[EventCountry "GER"]
[SourceTitle "CBM 214 Extra"]
[Source "ChessBase"]
[SourceDate "2023.07.31"]
[SourceVersion "1"]
[SourceVersionDate "2023.07.31"]
[SourceQuality "1"]

1. e4 e5 2. Nf3 Nc6 3. d4 exd4 4. Nxd4 Bc5 5. Nb3 Bb6 6. Nc3 Nf6 7. Bg5 h6 8. Bh4 d6 9. Nd5 g5 10. Bg3 Nxd5 11. Qxd5 Be6 12. Qd2 Qf6 13. c3 0-0-0 14. Bd3 h5 15. h3 Ne5 16. Nd4 h4 17. Bh2 Rhg8 18. Nxe6 fxe6 19. 0-0-0 Nxd3+ 20. Qxd3 Qxf2 21. Rdg1 Qe3+ 22. Qd2 Qxd2+ 23. Kxd2 Bxg1 24. Rxg1 Rdf8 25. Re1 Rf2+ 26. Re2 Rgf8 27. Bg1 Rxe2+ 28. Kxe2 Kd7 29. Be3 Rg8 30. Kf3 Ke7 31. Kg4 Kf6 32. Bd4+ e5 33. Be3 b6 34. g3 hxg3 35. Kxg3 c6 36. c4 Rg7 37. Kg4 b5 38. b3 a5 39. cxb5 cxb5 40. a4 bxa4 41. bxa4 Rg8 42. Bd2 Ke6 43. Bxg5 Rc8 44. h4 Rc4 45. Kf3 Rxa4 46. h5 Ra3+ 47. Kg4 Kf7 48. Kf5 Rf3+ 49. Kg4 Rf1 50. Bd2 a4 51. Bb4 d5 52. exd5 Rf4+ 53. Kg5 Rxb4 54. d6 Ke6 55. h6 Rb8 56. Kg6 a3 57. h7 a2 58. Kg7 a1Q 59. h8Q Rxh8 60. Kxh8 Qg1 61. d7 Kxd7 62. Kh7 Ke7 63. Kh6 Kf6 64. Kh5 Qg5# 0-1

[Event "GER-chT U12 Girls"]
[Site "Berlin"]
[Date "2022.12.29"]
[Round "6.5"]
[White "Berger, Jennifer"]
[Black "Ali, Maha"]
[Result "1-0"]
[WhiteElo "918"]
[BlackElo "1011"]
[PlyCount "145"]
[EventDate "2022.12.26"]
[EventType "team-swiss"]
[EventRounds "7"]
[EventCountry "GER"]
[SourceTitle "EXT 2024"]
[Source "ChessBase"]
[SourceDate "2023.10.10"]
[SourceVersion "1"]
[SourceVersionDate "2023.10.10"]
[SourceQuality "1"]
[WhiteTeam "Garching"]
[BlackTeam "Lichtenberg Borussia"]
[WhiteTeamCountry "GER"]
[BlackTeamCountry "GER"]

1. e4 c6 2. d4 d5 3. Nc3 dxe4 4. Nxe4 Bf5 5. Ng3 Bg6 6. Bf4 Nf6 7. Nf3 Nbd7 8. Bd3 Bxd3 9. Qxd3 e6 10. 0-0 Be7 11. Rfe1 0-0 12. Rad1 Qa5 13. a3 Rad8 14. c3 Qb6 15. b4 c5 16. Qc4 cxb4 17. axb4 Rc8 18. Qd3 Nd5 19. Bd2 Rc6 20. Rc1 Rfc8 21. Ne4 N7f6 22. Nxf6+ Bxf6 23. c4 Nxb4 24. Bxb4 Qxb4 25. c5 b6 26. Rb1 Qa5 27. Ra1 Qb4 28. Reb1 Bxd4 29. Rxb4 Bxa1 30. Rc4 Bf6 31. Nd2 Rd8 32. Qe2 bxc5 33. Ne4 Be5 34. g3 a5 35. Nxc5 Bf6 36. Nb7 Rxc4 37. Nxd8 Rc1+ 38. Kg2 Bxd8 39. Qd2 Rc8 40. Qd7 Be7 41. Qxc8+ Bf8 42. Qa8 g6 43. Qxa5 Kg7 44. Qe5+ Kg8 45. h4 h5 46. f3 Bg7 47. Qb8+ Bf8 48. g4 hxg4 49. fxg4 Kg7 50. Qe5+ Kg8 51. h5 gxh5 52. gxh5 Bg7 53. Qf4 f6 54. Qg4 Kf7 55. Qg6+ Kf8 56. h6 Bxh6 57. Qxh6+ Ke7 58. Qg7+ Kd6 59. Qxf6 Kd5 60. Kf3 e5 61. Qf5 Kd4 62. Qe4+ Kc3 63. Qxe5+ Kd2 64. Qe2+ Kc3 65. Qd1 Kc4 66. Ke4 Kc5 67. Qd5+ Kb6 68. Qc4 Ka7 69. Qb5 Ka8 70. Kd5 Ka7 71. Kc6 Ka8 72. Kc7 Ka7 73. Qb7# 1-0